| 000 | 00804nam a22002897a 4500 | ||
|---|---|---|---|
| 001 | 0000390 | ||
| 003 | KOHA_MİRAKIL | ||
| 005 | 20260207001208.0 | ||
| 007 | ta | ||
| 008 | 081212b2007 tu |||gr||||#||||0|tur | | ||
| 020 |
_a9789944772136 _cYTL15,69 |
||
| 040 |
_aTR-BiSEU _btur _cTR-BiSEU _erda |
||
| 041 | 0 | _atur | |
| 044 | _ctu | ||
| 050 |
_aHF5547 _b.A98 2007 |
||
| 100 | 1 | _aAytürk, Nihat. | |
| 245 | 1 |
_aBüro yönetimi ve yönetici sekreterliği/ _cNihat Aytürk ; Nihat Aytürk. |
|
| 250 | _a2. bs. | ||
| 264 | 1 |
_aAnkara : _bNobel Yayıncılık _c2007 |
|
| 300 | _a363 sayfa | ||
| 336 |
_ametin _btxt _2rdacontent |
||
| 337 |
_aaracısız _bn _2rdamedia |
||
| 338 |
_acilt _bnc _2rdacarrier |
||
| 650 | 0 |
_aBüro yönetimi. _92456 |
|
| 650 | 0 |
_aOffice management. _92457 |
|
| 942 |
_2lcc _cBK |
||
| 999 |
_c391 _d391 |
||